01335nam a22001097a 4500008004100000100005200041245006000093260004400153300003400197520095000231773004401181240828b ||||| |||| 00| 0 eng d aYemelina, N., Kemelbayeva, S. and Roshchin, S.  aDynamics of gender wage gap in Kazakhstan for 2011-2019 aThe Indian Journal of Labour Economics  a67(1), Jan-Mar, 2024: p.47-71 aWe examine the gender wage gap in Kazakhstan over the period 2011–2019. It was found to be persistent and stable during this period at around 30%; however, the decomposition suggests the increasing negative effect of growing industrial segregation which is not compensated for by a relatively better and improving human capital of females. Unsurprisingly, the highest gender gap is documented in more industrialised and economically successful provinces and the lowest gap, that is, in the poorest and predominantly agricultural ones. In the two largest cities with the most advanced economies, our findings suggest the existence of vertical segregation and discrimination. Thus, the policy aimed at narrowing down gender inequalities in Kazakhstan’s labour market should seek to equalise industrial disparities and segregation and account for regional disparities.- Reproduced https://link.springer.com/article/10.1007/s41027-024-00483-8  aThe Indian Journal of Labour Economics